| 000 | 01756cam a22003731 4500 | ||
|---|---|---|---|
| 001 | data | ||
| 005 | 20260322212123.0 | ||
| 008 | data | ||
| 035 | _a8948611 | ||
| 906 |
_a7 _bcbc _coclcrpl _du _encip _f19 _gy-gencatlg |
||
| 010 | _a 67026746 | ||
| 035 | _9(DLC) 67026746 | ||
| 035 | _a(OCoLC)1350491 | ||
| 040 |
_aDLC _cFO _dDLC _dDLC |
||
| 042 | _apremarc | ||
| 050 | 0 | 0 |
_aCT104 _b.G8 1967 |
| 082 | _a509/.22 | ||
| 100 | 1 |
_aGuinagh, Kevin, _d1897-1995. |
|
| 245 | 1 | 0 | _aInspired amateurs. |
| 260 |
_aFreeport, N.Y., _bBooks for Libraries Press _c[c1967, 1937] |
||
| 300 |
_axv, 171 p. _c22 cm. |
||
| 336 |
_atext _btxt _2rdacontent |
||
| 337 |
_aunmediated _bn _2rdamedia |
||
| 338 |
_avolume _bnc _2rdacarrier |
||
| 440 | 0 | _aEssay index reprint series | |
| 505 | 0 | _aPreface, by A. E. Morgan.--The shoemaker and his last.--Preacher chemist: Joseph Priestley.--The count and his beggars: Benjamin Thompson.--A musician looks at the stars: William Herschel.--Science in a monastery garden: Gregor Mendel.--The stonemason of Cromarty: Hugh Miller.--A janitor rises to remark: Anton Leeuwenhoek.--A scientist battles poverty: Jean Henri Fabre.--From indigo to excavation: Heinrich Schliemann.--Banker historian: George Grote.--Enlightening the doctor: Stephen Hales.--The lens-grinding philosopher: Benedict de Spinoza.--Today's amateurs. | |
| 650 | 0 | _aBiography. | |
| 650 | 0 |
_aScientists _vBiography. |
|
| 655 | 7 |
_aBiographies. _2lcgft _0https://id.loc.gov/authorities/genreForms/gf2014026049 |
|
| 856 | 4 | 1 |
_3Table of contents _uhttp://www.loc.gov/catdir/toc/fy0602/67026746.html |
| 985 | _eOCLC REPLACEMENT cdsdistr | ||
| 991 |
_bc-GenColl _hCT104 _i.G8 1967 _tCopy 1 _wOCLCREP |
||
| 999 |
_c1899 _d1899 |
||